| 000 | 00570nam a2200205Ia 4500 | ||
|---|---|---|---|
| 003 | GCL | ||
| 008 | 140319s9999 xx 000 0 ara d | ||
| 040 |
_aGCL / _cGCL |
||
| 082 | 0 | 4 |
_a811.1 _bف د |
| 100 | 1 | _aفوزى عطوى | |
| 245 | 1 | 0 |
_aديوان النابغة الزبيانى / _cفوزى عطوى |
| 260 |
_a[S.N] : _bدار صعب |
||
| 300 | _a222 ص | ||
| 490 | _a | ||
| 650 | 0 | 4 | _aالشعر العربى |
| 650 | 0 | 4 | _aالادب العربى |
| 650 | 0 | 4 | _aالعصر الجاهلى |
| 650 | 0 | 4 | _aالنابغة الذبيانى |
| 942 |
_2ddc _cBK |
||
| 999 |
_c54647 _d54647 |
||